LEADER 01119nam a2200253 i 4500 001 000000178092 003 CaOOAMICUS 005 20230224105603.0 008 090306s1965 it u000 u fre u 040 $aSeMil$bita 100 1 $aVernant, Jean-Pierre,$d<1914-2007>.$0(OLS)http://semarc/name/32588 245 10$aMythe et pensée chez les grecs :$bétudes de psychologie historique /$cJean-Pierre Vernant. 264 1$aParis :$bFrançois Maspero,$c1965. 300 $a331 p. ;$c22 cm. 490 1 $aLes textes à l'appui 650 4$aFilosofia greca.$0(OLS)http://semarc/subject/357 650 4$aCiviltà greca.$0(OLS)http://semarc/subject/1888 650 4$aMitologia greca.$0(OLS)http://semarc/subject/2512 830 4$aLes textes à l'appui.$0(OLS)http://semarc/title/27518 850 $aSeMil 852 $aSeMil$W1$xVenegono$y1$m3S II 51$j237696$B128884$CSeMilBibl$Z2$F140009 $81 996 $6245$aMythe et pensée chez les grecs :$bétudes de psychologie historique$9(OLS)http://semarc/title/255773 996 $6264$aParis :$bFrançois Maspero$9(OLS)http://semarc/publisher/35388 LEADER 00516naa a2200145 i 4500 001 000000303957 003 CaOOAMICUS 005 20180831172809.0 008 180831n xx u000 u und u 013 $a11736 040 $aSeMil$bita 100 1 $aSteiger, Agnes .$0(OLS)http://semarc/name/87168 245 10$aKlara von Assisi und die Klarissen. 773 0 $tMönchsväter und Ordensgründer.$dWürzburg : Echter, 1991.$z3-429-01395-X$w()39654 996 $6245$aKlara von Assisi und die Klarissen$9(OLS)http://semarc/title/379908